Using turbo pascal 6.0-7.0 /
Gespeichert in:
| 1. Verfasser: | |
|---|---|
| Format: | Buch |
| Sprache: | English |
| Veröffentlicht: |
Boston :
PWS Pub.,
1995.
|
| Ausgabe: | 3rd ed. |
| Schlagworte: | |
| Tags: |
Tag hinzufügen
Keine Tags, Fügen Sie den ersten Tag hinzu!
|
| LEADER | 01317cam a2200325 i 4500 | ||
|---|---|---|---|
| 001 | u32369 | ||
| 003 | SIRSI | ||
| 005 | 20210114112554.0 | ||
| 008 | 110131 eng | ||
| 020 | |a 0534943985 | ||
| 050 | |a QA76.73.P2 |b .H46 1995 | ||
| 100 | 1 | |a Hennefeld, Julien. , |e author |9 131349 | |
| 245 | 1 | 0 | |a Using turbo pascal 6.0-7.0 / |c Julien Hennefeld. |
| 250 | |a 3rd ed. | ||
| 264 | 1 | |a Boston : |b PWS Pub., |c 1995. | |
| 300 | |a xiv, 502p. : |b colorill. ; |c 24 cm. ++ |e 1 computer disk (3 1/2 in.). | ||
| 336 | |a text |b txt |2 rdacontent | ||
| 337 | |a unmediated |b n |2 rdamedia | ||
| 338 | |a volume |b nc |2 rdacarrier | ||
| 500 | |a Accompanied by 1 Diskette (D 03914) | ||
| 500 | |a Rev. edition of: Using Turbo Pascal 4.0-6.0. 2nd. c1992 | ||
| 596 | |a 1 | ||
| 650 | 0 | |a Pascal (computer program language). | |
| 650 | 0 | |a Turbo Pascal (Computer file). |9 131350 | |
| 942 | |c BOOK_OA | ||
| 997 | |a 60664 | ||
| 998 | |a 1 |b Shafrizan Shafferi | ||
| 999 | |c 86880 |d 86880 | ||
| 952 | |0 0 |1 0 |2 LCC |4 0 |6 QA007673 P2 H46 01995 |7 0 |9 150671 |a UTHM_LIB |b UTHM_LIB |c OPENACCS |d 2011-04-15 |g 309.34 |l 0 |o QA76.73.P2 .H46 1995 |p 1000058584 |r 2020-12-05 |t 1 |w 2020-12-05 |y BOOK_OA | ||
| 952 | |0 0 |1 0 |2 LCC |4 0 |6 QA007673 P2 H46 01995 |7 0 |9 150672 |a UTHM_LIB |b UTHM_LIB |c AV |d 2011-04-15 |l 0 |o QA76.73.P2 .H46 1995 |p 1000058588 |r 2020-12-05 |t 2 |w 2020-12-05 |y DISKETTE | ||